| 000 | 00361 a2200145 4500 | ||
|---|---|---|---|
| 001 | 168360 | ||
| 020 | _a | ||
| 040 | _cMagnum | ||
| 100 | _aSposito, Eliseo Saverio | ||
| 240 | 1 | 0 |
_aA vida nas cidades: por que a cidade existe ? _lpor |
| 245 | 1 | 0 | _aA vida nas cidades: por que a cidade existe ? |
| 362 | 0 | _a1899 | |
| 697 | _aORGANIZACAO SOCIAL | ||
| 942 | _cBK | ||
| 999 |
_c168360 _d168360 |
||